000 00387nam a22001697a 4500
005 20160630111548.0
008 160630b xxu||||| |||| 00| 0 eng d
020 _a81-88458-10-4
041 _aeng
082 _b13264
100 _aRajput, R K
_93270
245 _aStrength of Material
260 _bKatson
_c2012
300 _a286
650 _aDiploma Engineering
_9817
942 _cBK
999 _c4875
_d4873